Movies Quiz

Random Movies or Word Play Quiz
Score 0/30 Timer 08:00
0 Plays Today
Quote Movie % Correct
'Houston is our problem.' (1995)Apollo 13
93.7%
'No child in the corner.' (1987)Dirty Dancing
67.8%
'I like the smell of the morning heart.' (1979)Apocalypse Now
65.8%
'I see them.' (1999)The Sixth Sense
63.2%
'Registration test my first try. I ate beans and Chianti liver.' (1991) The Silence of the Lambs
61.6%
'Not to accept the truth!' (1992)A Few Good Men
58.6%
'This is a great boat, then.' (1975)Jaws
53.9%
'Club for the game - Forum Club of the war.' (1999)Fight Club
52.3%
'This is not a pig. This is not true.' (1995)Babe
49.7%
'It is a divine mission.' (1980)The Blues Brothers
43.8%
'Give me money for the compliment!' (1996)Jerry Maguire
43%
'In fact, I do not know.' (1939)Gone With the Wind
40.4%
'In accordance with the devil in the moonlight?' (1989)Batman
37.4%
'Bell Angels fly every time.' (1946)It's a Wonderful Life
36.2%
'The screams of baseball!' (1992)A League of Their Own
35.7%
Quote Movie % Correct
'All levels, all the major cities of the world net and asked me to go.' (1942)Casablanca
35.6%
'My best friend and mother.' (1960)Psycho
35.4%
'I am talking about?' (1976)Taxi Driver
30.8%
'Or not. Do not try it.' (1980)Star Wars Episode V: The Empire Strikes Back
30.8%
'If you'd like.' (1987)The Princess Bride
25.5%
'Monkey girl, the smell of dirty feet.' (1968)Planet of the Apes
24.3%
'Snake! Guess what?' (1981)Raiders of the Lost Ark
20.3%
'I always hope that the departure of foreigners.' (1951)A Streetcar Named Desire
16.9%
'I love kids and dogs!' (1939)The Wizard of Oz
16.6%
'I am a candidate.' (1954)On the Waterfront
13.1%
'You can change your life, but do not want to go!' (1995)Braveheart
7.8%
'He was the 11th' (1984)This is Spinal Tap
7%
'We do not know. See. Advantage.' (1984)Ghostbusters
3.2%
'Back to top' (1984)The Terminator
3%
'All children are welcome!' (1983)Scarface
1.5%

You're not logged in!

Compare scores with friends on all Sporcle quizzes.
OR
Log In

Sporcle TV

Today on Sporcle TV


Watch our educational content, quiz creation guides, and fun videos on Sporcle TV.

Show Comments

Extras

Top Quizzes Today


Score Distribution

Paid Content

Your Account Isn't Verified!

In order to create a playlist on Sporcle, you need to verify the email address you used during registration. Go to your Sporcle Settings to finish the process.

Report this User

Report this user for behavior that violates our Community Guidelines.

Details: